| 000 | 01164nam a2200313 a 4500 | ||
|---|---|---|---|
| 001 | 000028835 | ||
| 005 | 20260129095557.0 | ||
| 008 | 110412s1995 dr a r 001 0 spa d | ||
| 040 |
_aDO-SdBNP _bspa _cBNPHU |
||
| 082 |
_a150 _bM516i, 1995 |
||
| 100 | 1 |
_a Mejía-Ricart G., Tirso, _d1936-2021 _q(Mejía-Ricart Guzmán) _91569 |
|
| 245 | 1 | 0 |
_aIntroducción a la psicología / _cTirso Mejía-Ricart G.; colaboración Francisco Pancorbo ... [et al.] ; prólogo Enerio Rodríguez Arias. |
| 250 | _a6a ed. | ||
| 260 |
_aSanto Domingo : _bAlfa & Omega, _c1995. |
||
| 300 |
_a397 p. : _bil. ; _c21 cm. |
||
| 490 | 1 |
_aTextos básicos _v1 |
|
| 500 | _aIncluye índice alfabético de materias. | ||
| 504 | _aIncluye referencias bibliográficas al final de los capítulos | ||
| 590 | _aInventariado, 2018/LP | ||
| 650 | 0 |
_aPsicología _9152 |
|
| 650 | 0 |
_aConducta (Psicología) _9673 |
|
| 650 | 4 |
_aMotivación _926410 |
|
| 650 | 4 |
_aAprendizaje _9812 |
|
| 650 | 0 |
_aPersonalidad _9395 |
|
| 650 | 0 |
_aSalud mental _9803 |
|
| 700 | 1 | 2 |
_aRodríguez Arias, Enerio, _epról. _925867 |
| 830 | 0 |
_aTextos básicos ; _n1 _926412 |
|
| 910 | _aValidado. Control de calidad. MMOLINA | ||
| 999 |
_c28327 _d28327 |
||